000 00557nam a2200193 u 4500
001 000459346
003 AM-YeHGA
005 20250617133543.0
008 051021s|||| ||||||||r|||||000|0|eng|d
040 _aAM-YeHGA
041 0 _aeng
100 1 _aՏատրյան, Վահագն Հակոբի,
_d1926-
245 1 0 _aThe Armenian genocide :
_bAn interpretation /
_cVahakn N. Dadrian.
260 _aS.l. :
_bS.n.,
_cs.d.
300 _a51 p.
504 _aIncludes bibliogr. references
650 1 4 _aՑեղասպանություն
_zArmenia
090 _c168567
999 _c167138
_d167138